[Event "BRA-ch U18"]
[Site "Itajai"]
[Date "2017.06.03"]
[Round "4"]
[White "Cadilhac, Igor Tokuichi Kikuc"]
[Black "Araujo, Vitor Angelo Lima"]
[Result "1-0"]
[WhiteElo "2234"]
[BlackElo "2006"]
[PlyCount "149"]
[EventDate "2017.06.01"]
[EventType "swiss"]
[EventRounds "6"]
[EventCountry "BRA"]
[SourceTitle "CBM 179 Extra"]
[Source "ChessBase"]
[SourceDate "2017.08.23"]
[SourceVersion "1"]
[SourceVersionDate "2017.08.23"]
[SourceQuality "1"]

1. e4 c5 2. Nf3 d6 3. d4 cxd4 4. Nxd4 Nf6 5. f3 Nc6 6. c4 g6 7. Be3 Bg7 8. Nc3 0-0 9. Be2 Nd7 10. Rc1 Nde5 11. 0-0 Nxd4 12. Bxd4 Be6 13. f4 Nc6 14. Bxg7 Kxg7 15. f5 Bd7 16. f6+ exf6 17. Qxd6 Be6 18. Qf4 Qd4+ 19. Kh1 Qe5 20. Nd5 Qxf4 21. Rxf4 f5 22. Re1 g5 23. Rff1 fxe4 24. Nf6 Rad8 25. Nxe4 h6 26. b3 b6 27. Bf3 g4 28. Bd1 h5 29. Bc2 Nd4 30. Bb1 Bf5 31. Nc3 Rfe8 32. Rd1 Bxb1 33. Rxb1 Re5 34. Rbd1 Ne6 35. Nd5 b5 36. Rf2 bxc4 37. bxc4 Rc8 38. Rdf1 Ng5 39. Nf6 Kg6 40. Nd7 Re7 41. Rf6+ Kg7 42. Rd6 Rd8 43. Rd5 Rexd7 44. Rxg5+ Kh6 45. Rgf5 Kg6 46. Rf6+ Kg7 47. c5 Rc8 48. R6f5 Kg6 49. g3 Rdc7 50. Rf6+ Kg7 51. h4 Rh8 52. R6f5 Rh6 53. Rg5+ Kf8 54. Rff5 Ra6 55. Rf2 Rac6 56. Rc2 Rh6 57. Kg2 Ke7 58. Rf5 Ke6 59. Rcf2 Rh7 60. Kf1 Rb7 61. Ke2 Rb2+ 62. Kd3 Rxf2 63. Rxf2 f5 64. Kc4 Rd7 65. Re2+ Kf6 66. c6 Re7 67. Rg2 f4 68. gxf4 Kf5 69. Kd5 Kxf4 70. Kd6 Re8 71. c7 g3 72. Rb2 Kf3 73. Rb8 Re1 74. c8Q g2 75. Qh3+ 1-0

[Event "Natal Potiguar op"]
[Site "Natal"]
[Date "2016.07.01"]
[Round "2"]
[White "Araujo, Vitor Angelo Lima"]
[Black "De Araujo, Antonio Jose"]
[Result "1/2-1/2"]
[WhiteElo "2006"]
[BlackElo "1633"]
[PlyCount "136"]
[EventDate "2016.07.01"]
[EventType "swiss"]
[EventRounds "6"]
[EventCountry "BRA"]
[SourceTitle "EXT 2017"]
[Source "ChessBase"]
[SourceDate "2016.10.25"]
[SourceVersion "1"]
[SourceVersionDate "2016.10.25"]
[SourceQuality "1"]

1. d4 Nf6 2. c4 g6 3. Nc3 Bg7 4. e4 d6 5. f3 0-0 6. Be3 b6 7. Bd3 Nbd7 8. Nge2 c5 9. d5 Ne5 10. 0-0 Nxd3 11. Qxd3 Nd7 12. f4 Nb8 13. Ng3 Na6 14. Qd2 f5 15. exf5 Bxf5 16. Rae1 e6 17. dxe6 Bxe6 18. b3 Qd7 19. Nge4 Rae8 20. Nd5 Nc7 21. Nxc7 Qxc7 22. Ng5 Bf5 23. Qd5+ Kh8 24. Bc1 h6 25. Ne6 Bxe6 26. Rxe6 Bd4+ 27. Kh1 Rg8 28. Rfe1 Rxe6 29. Rxe6 Qf7 30. Qe4 Qf5 31. Qxf5 gxf5 32. Rxh6+ Kg7 33. Re6 Kf7 34. Re1 Bc3 35. Re2 d5 36. Bd2 d4 37. g3 Re8 38. Rf2 Bxd2 39. Rxd2 Re3 40. Kg2 Kg6 41. Kf2 Kh5 42. h3 a6 43. Rd1 a5 44. Rd2 Kg6 45. Rd1 Kf6 46. Rd2 Kg6 47. Re2 Rxe2+ 48. Kxe2 Kh5 49. Kf3 Kg6 50. g4 Kf6 51. gxf5 Kxf5 52. h4 Kg6 53. Ke4 Kh5 54. f5 Kh6 55. Kf4 Kh5 56. Ke4 Kh6 57. a3 Kh5 58. a4 Kh6 59. Kf4 Kh5 60. Ke4 Kh6 61. f6 Kg6 62. Ke5 d3 63. h5+ Kf7 64. h6 d2 65. h7 d1Q 66. h8Q Qd4+ 67. Kf5 Qd7+ 68. Ke5 Qd4+ 1/2-1/2

[Event "American Continental 10th"]
[Site "Praia da Pipa"]
[Date "2014.10.22"]
[Round "7"]
[White "Rapouso, Ricardo Luis Borba"]
[Black "Araujo, Vitor Angelo Lima"]
[Result "0-1"]
[WhiteElo "1934"]
[BlackElo "1840"]
[PlyCount "58"]
[EventDate "2014.10.18"]
[EventType "swiss"]
[EventRounds "11"]
[EventCountry "BRA"]
[SourceTitle "EXT 2015"]
[Source "ChessBase"]
[SourceDate "2014.11.20"]
[SourceVersion "1"]
[SourceVersionDate "2014.11.20"]
[SourceQuality "1"]

1. d4 d5 2. c4 e6 3. Nc3 Nf6 4. Nf3 c6 5. e3 Nbd7 6. Bd3 Bd6 7. 0-0 0-0 8. e4 dxc4 9. Bxc4 e5 10. Re1 Qc7 11. h3 exd4 12. Nxd4 Ne5 13. Bb3 Ng6 14. Nf3 h6 15. Be3 Re8 16. Rc1 Qe7 17. Bd4 Ne5 18. Nh4 Bc5 19. Nd5 Nxd5 20. Bxc5 Qxh4 21. exd5 Bd7 22. Rc3 cxd5 23. Bxd5 Bc6 24. Rce3 Bxd5 25. Qxd5 Rad8 26. Bd6 Re6 27. Rxe5 Rdxd6 28. Qxb7 Rxe5 29. Qb8+ Kh7 0-1

[Event "Mar del Plata Schools 19th"]
[Site "Mar del Plata"]
[Date "2013.11.25"]
[Round "5.1"]
[White "Aguilar, Luis Miguel"]
[Black "Araujo, Vitor Angelo Lima"]
[Result "1/2-1/2"]
[WhiteElo "1956"]
[BlackElo "1846"]
[PlyCount "51"]
[EventDate "2013.11.23"]
[EventType "team-tourn"]
[EventRounds "9"]
[EventCountry "ARG"]
[SourceTitle "CBM 157 Extra"]
[Source "ChessBase"]
[SourceDate "2013.12.19"]
[SourceVersion "1"]
[SourceVersionDate "2013.12.19"]
[SourceQuality "1"]
[WhiteTeam "Bolivia"]
[BlackTeam "Brazil"]
[WhiteTeamCountry "BOL"]
[BlackTeamCountry "BRA"]

1. g3 Nf6 2. Bg2 d5 3. c4 e6 4. b3 Be7 5. Nf3 0-0 6. 0-0 c6 7. d3 b6 8. Bb2 Nbd7 9. Nc3 Bb7 10. Rc1 c5 11. cxd5 Nxd5 12. Qc2 N7f6 13. Rfd1 Rc8 14. Nxd5 Nxd5 15. Qb1 Bf6 16. d4 cxd4 17. Bxd4 Bxd4 18. Nxd4 Qf6 19. e3 a6 20. b4 Qe7 21. Qb3 b5 22. a3 Nb6 23. Nc6 Qc7 24. Rc5 Na4 25. Rcc1 Nb6 26. Rc5 1/2-1/2

[Event "Mar del Plata Schools 19th"]
[Site "Mar del Plata"]
[Date "2013.11.24"]
[Round "3.1"]
[White "Acosta Cubides, Jorian Jared"]
[Black "Araujo, Vitor Angelo Lima"]
[Result "1-0"]
[WhiteElo "1922"]
[BlackElo "1846"]
[PlyCount "97"]
[EventDate "2013.11.23"]
[EventType "team-tourn"]
[EventRounds "9"]
[EventCountry "ARG"]
[SourceTitle "CBM 157 Extra"]
[Source "ChessBase"]
[SourceDate "2013.12.19"]
[SourceVersion "1"]
[SourceVersionDate "2013.12.19"]
[SourceQuality "1"]
[WhiteTeam "Colombia"]
[BlackTeam "Brazil"]
[WhiteTeamCountry "COL"]
[BlackTeamCountry "BRA"]

1. e4 c5 2. Nf3 d6 3. d4 cxd4 4. Nxd4 Nf6 5. Nc3 g6 6. Be3 Bg7 7. f3 0-0 8. Qd2 Nc6 9. 0-0-0 Nxd4 10. Bxd4 Be6 11. g4 Qa5 12. Kb1 Rfc8 13. a3 Rab8 14. Nd5 Qxd2 15. Rxd2 Bxd5 16. exd5 a6 17. g5 Nh5 18. Bxg7 Kxg7 19. Bh3 Rc5 20. Rd4 Kf8 21. Re1 b5 22. Re3 Rb7 23. b4 Rcc7 24. Kb2 Ng7 25. Kb3 f5 26. Bf1 Ne8 27. c4 Rc8 28. h4 Kf7 29. Bd3 Ng7 30. cxb5 axb5 31. Re1 Ra8 32. Rc1 Rba7 33. Ra1 Rb8 34. a4 e5 35. dxe6+ Nxe6 36. Rxd6 bxa4+ 37. Ka3 Ke7 38. Rd5 Nf4 39. Re1+ Kf8 40. Rd4 Nxd3 41. Rxd3 Rc8 42. Re5 Rca8 43. Rd6 Kg7 44. Red5 Kf8 45. Rd7 Rxd7 46. Rxd7 Kg8 47. b5 Rc8 48. b6 Rc1 49. b7 1-0

[Event "Natal Potiguar op"]
[Site "Natal"]
[Date "2012.06.10"]
[Round "7"]
[White "Patric, David Marcelino"]
[Black "Araujo, Vitor Angelo Lima"]
[Result "0-1"]
[WhiteElo "1826"]
[BlackElo "1711"]
[PlyCount "42"]
[EventDate "2012.06.07"]
[EventType "swiss"]
[EventRounds "7"]
[EventCountry "BRA"]
[SourceTitle "CBM 148 Extra"]
[Source "ChessBase"]
[SourceDate "2012.06.22"]
[SourceVersion "1"]
[SourceVersionDate "2012.06.22"]
[SourceQuality "1"]

1. e4 c5 2. Nf3 d6 3. g3 Nc6 4. d3 g6 5. Bg2 Bg7 6. Nc3 Nf6 7. 0-0 0-0 8. h3 e5 9. Be3 h6 10. Ne2 Be6 11. b3 Qd7 12. Kh2 b6 13. Nd2 d5 14. f4 dxe4 15. dxe4 Rad8 16. f5 gxf5 17. exf5 Bd5 18. Nf3 Qxf5 19. Nfd4 Qc8 20. Nxc6 Qxc6 21. Bxd5 Nxd5 0-1

[Event "Fortaleza Brazil op 2nd"]
[Site "Fortaleza"]
[Date "2012.04.07"]
[Round "4"]
[White "De Paula, Guilherme Bueno"]
[Black "Araujo, Vitor Angelo Lima"]
[Result "1-0"]
[WhiteElo "2032"]
[BlackElo "1665"]
[PlyCount "51"]
[EventDate "2012.04.05"]
[EventType "swiss"]
[EventRounds "7"]
[EventCountry "BRA"]
[SourceTitle "CBM 147 Extra"]
[Source "ChessBase"]
[SourceDate "2012.04.24"]
[SourceVersion "1"]
[SourceVersionDate "2012.04.24"]
[SourceQuality "1"]

1. g3 d5 2. f4 Nf6 3. Nf3 c5 4. Bg2 Nc6 5. d3 g6 6. 0-0 Bg7 7. Qe1 0-0 8. e4 dxe4 9. dxe4 Bg4 10. c3 Qc8 11. e5 Nd5 12. Ng5 Nc7 13. h3 Bf5 14. g4 Bd3 15. Rf2 h6 16. Ne4 c4 17. Be3 Rd8 18. Na3 f5 19. exf6 Bxf6 20. Rd2 Nd5 21. Nc5 b6 22. Nxd3 cxd3 23. Rxd3 Nxe3 24. Qxe3 Qc7 25. Rxd8+ Rxd8 26. Qe6+ 1-0

[Event "Fortaleza Brazil op 2nd"]
[Site "Fortaleza"]
[Date "2012.04.05"]
[Round "1"]
[White "Araujo, Vitor Angelo Lima"]
[Black "De Carvalho, Jose Jorge"]
[Result "0-1"]
[WhiteElo "1665"]
[BlackElo "2190"]
[PlyCount "90"]
[EventDate "2012.04.05"]
[EventType "swiss"]
[EventRounds "7"]
[EventCountry "BRA"]
[SourceTitle "CBM 147 Extra"]
[Source "ChessBase"]
[SourceDate "2012.04.24"]
[SourceVersion "1"]
[SourceVersionDate "2012.04.24"]
[SourceQuality "1"]

1. d4 Nf6 2. c4 c6 3. Nf3 d5 4. Nc3 e6 5. cxd5 exd5 6. Bg5 Be7 7. e3 Bf5 8. Bd3 Bxd3 9. Qxd3 Qb6 10. Rb1 Nbd7 11. 0-0 0-0 12. Ne5 Bd6 13. Qf5 Qc7 14. Nf3 Rae8 15. Rfc1 Qb8 16. b4 b5 17. Ne2 Qb7 18. Qc2 Rc8 19. Bf4 Bxf4 20. Nxf4 Rfe8 21. Nd3 Nb6 22. Nc5 Qe7 23. Ne5 Nc4 24. Nxc4 dxc4 25. Re1 Ra8 26. a4 Qd6 27. h3 Nd5 28. a5 Re7 29. e4 Rae8 30. e5 Qh6 31. Ne4 Rd8 32. Nd6 Re6 33. Qf5 Qg6 34. Qf3 Rd7 35. h4 h5 36. Ne4 Re8 37. Ng3 Qg4 38. Qxg4 hxg4 39. Ne4 Ree7 40. Nd6 Re6 41. Nf5 Kf8 42. Ne3 Nc3 43. Rbc1 Na2 44. Rcd1 Nxb4 45. Nxg4 Nd3 0-1

[Event "Natal op-B 9th"]
[Site "Natal"]
[Date "2012.02.17"]
[Round "1"]
[White "Araujo, Vitor Angelo Lima"]
[Black "Medeiros, Israel Costa Smith"]
[Result "0-1"]
[WhiteElo "1665"]
[BlackElo "1885"]
[PlyCount "80"]
[EventDate "2012.02.17"]
[EventType "swiss"]
[EventRounds "7"]
[EventCountry "BRA"]
[SourceTitle "CBM 147 Extra"]
[Source "ChessBase"]
[SourceDate "2012.04.24"]
[SourceVersion "1"]
[SourceVersionDate "2012.04.24"]
[SourceQuality "1"]

1. d4 Nf6 2. c4 g6 3. Nf3 Bg7 4. g3 0-0 5. Bg2 d6 6. Nc3 Nbd7 7. 0-0 c6 8. e4 Qc7 9. Be3 Ng4 10. Bc1 e5 11. d5 f5 12. exf5 gxf5 13. h3 Ngf6 14. Be3 e4 15. Nd4 Ne5 16. Qb3 a6 17. Na4 c5 18. Nb6 cxd4 19. Nxa8 Qb8 20. Bxd4 Qxa8 21. Bxe5 dxe5 22. Qe3 Qb8 23. Rfd1 Rd8 24. Qb3 Qd6 25. Rac1 Nd7 26. Qa3 Qxa3 27. bxa3 Nc5 28. Bf1 Rd6 29. Rb1 Bf6 30. Kg2 Bd8 31. h4 Nd7 32. Rdc1 Bb6 33. Be2 Bc5 34. Rb3 Bd4 35. Rc2 Nc5 36. Rb4 Bd7 37. Rc1 Ba4 38. Bd1 Bd7 39. Be2 Kf8 40. Rcb1 Ke8 0-1